| 000 | 00410cam a22001217a 4500 | ||
|---|---|---|---|
| 008 | 180718b1969 xxu||||| |||| 00| 0 eng d | ||
| 082 | _aXA 23 x42 Un3 17 | ||
| 245 |
_aThe family at home : A Study of households in Sheffield _cBy HMSO |
||
| 260 |
_aLondon _bHMSO _c1969 |
||
| 300 | _a53p. | ||
| 650 | _aArchitecture, Domestic -- England -- Sheffield | ||
| 650 | _aDwellings -- Social aspects -- England -- Sheffield | ||
| 999 |
_c415029 _d415029 |
||